LEADER 01368nab a2200397 i 4500
001 publ20279
005 20210120134609.0
008 210120s2020 hu o 0|| zxx d
022 |a 0926-9959 
024 7 |a 10.1111/jdv.16398  |2 doi 
024 7 |a 31271696  |2 mtmt 
040 |a SZTE Publicatio Repozitórium  |b hun 
041 |a zxx 
100 1 |a Rencz Fanni 
245 1 0 |a Dermatology Life Quality Index (DLQI) score bands are applicable to DLQI-Relevant (DLQI-R) scoring  |h [elektronikus dokumentum] /  |c  Rencz Fanni 
260 |c 2020 
300 |a e484-e486 
490 0 |a JOURNAL OF THE EUROPEAN ACADEMY OF DERMATOLOGY AND VENEREOLOGY  |v 34 No. 9 
700 0 1 |a Gergely László Hunor  |e aut 
700 0 1 |a Wikonkál Norbert  |e aut 
700 0 1 |a Gáspár Krisztián  |e aut 
700 0 1 |a Péntek Márta  |e aut 
700 0 1 |a Gulácsi László  |e aut 
700 0 1 |a Tamási Béla  |e aut 
700 0 1 |a Poór Adrienn Katalin  |e aut 
700 0 1 |a Kinyó Ágnes  |e aut 
700 0 1 |a Bali Gábor  |e aut 
700 0 1 |a Hidvégi Bernadett  |e aut 
700 0 1 |a Sárdy Miklós  |e aut 
700 0 1 |a Szegedi Andrea  |e aut 
700 0 1 |a Remenyik Éva  |e aut 
700 0 2 |a Csörgő Sándorné Bata Zsuzsanna  |e aut 
700 0 2 |a Holló Péter  |e aut 
700 0 2 |a Baji Petra  |e aut 
700 0 2 |a Brodszky Valentin  |e aut 
856 4 0 |u http://publicatio.bibl.u-szeged.hu/20279/1/jdv.16398.pdf  |z Dokumentum-elérés